banner-ar

Global terrorism / (Record no. 60653)

MARC details
000 -الفاتح
حقل البيانات ثابتة الطول 01134cam a2200337 a 4500
005 - وقت وتاريخ اخر تعامل مع التسجيلة
رقم الضبط 20240530110421.0
008 - عناصر البيانات ثابتة الطول - معلومات عامة
حقل البيانات ثابتة الطول 071214s2008 enkb b 001 0 eng
010 ## -
-- 2007051287
020 ## - الرقم الدولى المعيارى للكتب
الرقم الدولى المعيارى للكتاب 9780415772464 (hardback)
020 ## - الرقم الدولى المعيارى للكتب
الرقم الدولى المعيارى للكتاب 041577246X (hardback)
020 ## - الرقم الدولى المعيارى للكتب
الرقم الدولى المعيارى للكتاب 9780415772471 (pbk.)
020 ## - الرقم الدولى المعيارى للكتب
الرقم الدولى المعيارى للكتاب 0415772478 (pbk.)
020 ## - الرقم الدولى المعيارى للكتب
الرقم الدولى المعيارى للكتاب 9780203895030 (ebook)
020 ## - الرقم الدولى المعيارى للكتب
الرقم الدولى المعيارى للكتاب 0203895037 (ebook)
035 ## - رقم ضبط النظام
رقم ضبط النظام (OCoLC)184906227
035 ## - رقم ضبط النظام
رقم ضبط النظام (OCoLC)ocn184906227
040 ## - مصدر الفهرسة
وكالة الفهرسة الأصلية EG-CaGPL
وكالة النسخ EG-CaGPL
082 04 - رقم تصنيف ديوى العشرى
رقم الطبعة 21
رقم التصنيف 303.625\
رقم المادة L G
100 1# - المدخل الرئيسى - إسم شخصى
الإسم الشخصى Lutz, James M.
245 10 - بيان العنوان
العنوان Global terrorism /
بيان المسئوليه,etc James M. Lutz and Brenda J. Lutz.
250 ## - بيان الطبعة
بيان الطبعة 2nd ed.
260 ## - PUBLICATION, DISTRIBUTION, ETC. (IMPRINT)
تاريخ النشر أو التوزيع 2008.
300 ## - الوصف المادى
التعداد xiv, 346 p. :
تفاصيل ماديه اخرى للوعاء maps ;
أبعاد الوعاء 25 cm.
504 ## - تبصرة ببليوجرافية
تبصرة ببليوجرافية,الخ Includes bibliographical references (p. 308-335) and index.
650 #0 - المدخل الاضافى بالموضوع-مصطلح موضوعى
مصطلح موضوعي Terrorism.
700 1# - المدخل الاضافى - اسم شخصى
الإسم الشخصى Lutz, Brenda J.,
التواريخ المصاحبة للاسم 1957-
942 ## - عناصر المدخل الإضافي( كوها)
مصدر التصنيف او مخطط الترفيف Dewey Decimal Classification
Koha [default] item type كتاب
260 ## - PUBLICATION, DISTRIBUTION, ETC. (IMPRINT)
-- London ;
-- New York :
-- Routledge,
856 42 - الوصول و الموقع الالكترونى
مواد محددة Publisher description
معرف المصدر الموحد http://www.loc.gov/catdir/enhancements/fy0827/2007051287-d.html
856 41 - الوصول و الموقع الالكترونى
مواد محددة Table of contents only
معرف المصدر الموحد http://www.loc.gov/catdir/toc/ecip086/2007051287.html
Holdings
حالة التراجع حالة الفقد مصدر التصنيف او خطة الترفيف حالة تلف ليس للاعارة المكان المؤقت الموقع الحالى تاريخ الاكتساب اجمالي اﻻعارات رقم الطلب الباركود تاريخ اخر مشاهدة تاريخ تفعيل السعر نوع وعاء كوها
    ddc     مكتبة القاهرة الكبرى مكتبة القاهرة الكبرى 03/11/2015   303.625\ L G 159753 03/11/2015 03/11/2015 كتاب

Powered By

EGPV